000 00591nam a22002297a 4500
003 UA-OsUOA
001 34816
007 ta
008 20051021b un ||||| |||| 00| 0 ukr d
100 _aНорден А.
090 _a94(438)
_bН82
942 _cBK
040 _aUA-OsUOA
_brus
_cUA-OsUOA
_dUA-OsUOA
245 _aНекоронованые Властители
300 _a226 с.
955 _a2
041 _arus
080 _a94(438)
260 _aМ.
_bПрогресс
_c1978
650 7 _a9 Географія. Біографії. Історія
_2UDC
999 _c321244
_d321244